000 00605nam a22001937a 4500
003 OSt
005 20260504081818.0
008 260504b |||||||| |||| 00| 0 eng d
020 _a981-240-312-4.
040 _aDWC-Main lib
_cOC
082 _211th edition
_aCirc. 808.51 V583c 2000
100 _aVerderber, Rudolf F.
245 _aThe challenge of effective speaking /
_cRudolf F. Verderber
260 _aAustralia:
_bThomson Learning,
_cc2000.
300 _axxviii, 372 pages ;
_c25 cm.
504 _aIncludes index.
650 _a1. Public Speaking.
942 _2ddc
_cBK-CIRC
_e11th ed.
_hCirc.
_n0
999 _c10220
_d10220